00832nam a2200205 a 450000100100000000500170001000800410002704000250006808200130009310000240010624000670013024501350019725000120033226000540034430000210039870000440041970000350046395201110049899900170060900004242720201002040140.0131129s1969 mx 000 0 spa d aDO-SdBNPbspacBNPHU axxxbxxx1 aLewis, Oscar96108910aFive Families (Mexican case studies in the culture of poverty)10aAntropología de la Pobreza :bcinco familias /cOscar Lewis; prólogo, Oliver La Farge; traducción, Emma Sánchez Ramírez. a6a. ed. aMéxico, :bFondo de Cultura Económica,c1969. a302 p. ;c21 cm.1 aSánchez Ramírez, Emmaetrad.9695591 aLa Farge, Olivereprol.969560 001050718MOaGRbGRcCTd2013-11-29iLF1l0oxxx xxxp42427-10r2020-06-25w2020-06-25y1ZNo se presta c41916d41916